Prénoms féminins les plus donnés en France #3 - Statistiques

Statistiques générales
  • Ce quiz a été pris 531 fois
    441 depuis la dernière actualisation
  • Le résultat moyen est 70 sur 161
Statistiques - réponses
Hint Réponse % Correct
P Pauline
91%
V Valérie
86%
N Nathalie
84%
S Sophie
84%
Z Zoé
84%
N Noémie
81%
O Olivia
81%
P Paule
79%
N Nina
78%
R Rose
77%
V Véronique
76%
P Patricia
75%
N Nicole/ Nicolle
74%
N Ninon
74%
R Romane
74%
V Valentine
74%
P Paulette
72%
S Sarah / Sara
72%
S Sophia / Sofia
71%
T Thérèse
71%
S Sandra
70%
V Victoire
70%
O Océane
69%
S Sandrine
69%
S Stéphanie
69%
S Sylvie
69%
V Virginie
69%
N Nadine
67%
R Rosa
67%
S Sabrina
67%
O Ophélie
66%
P Pascale
66%
Y Yvette
66%
O Odette
65%
O Odile
65%
V Victoria
65%
P Paula
64%
R Rachel
63%
N Nadia
61%
V Vanessa
61%
R Renée
60%
Y Yasmine
60%
N Nadège
59%
R Raymonde
59%
S Solène
59%
Y Yvonne
59%
N Noëlle
58%
N Nelly
57%
N Nora
57%
S Séverine
57%
S Simone / Simonne
56%
S Salomé
55%
S Suzanne
55%
P Pascaline
54%
S Sylvia
54%
V Valentina
54%
V Viviane
53%
N Natacha
52%
R Romy
52%
S Stella
52%
Z Zélie
52%
N Noûr
51%
O Ophélia
51%
P Perrine
51%
S Sonia
51%
R Roberte
50%
S Sabine
49%
S Soline
49%
V Valéria
49%
T Thaïs
47%
T Théa
46%
P Paola
45%
P Philippine
45%
R Rosalie
45%
S Sylviane
45%
Y Yolande
45%
N Naomi/ Naomie
44%
R Rolande
44%
R Roseline/ Roselyne
44%
R Roxane / Roxanne
44%
T Tiphaine
42%
V Violette
42%
N Noëlie
41%
P Priscilla
41%
R Raphaëlle
41%
S Samantha
41%
S Samia
40%
V Virginia
40%
N Noa
39%
O Olga
39%
R Reine
39%
S Solange
39%
T Tatiana
39%
Y Yasmina
39%
P Prisca
38%
S Selena
37%
S Suzie/ Suzy
37%
V Victorine
37%
N Nolwenn
36%
P Prune
36%
S Séréna
36%
S Suzette
36%
T Tania
36%
W Wendy
36%
T Tiffany
34%
W Wanda
34%
R Régine
32%
P Pamela
31%
Q Quiterie
30%
R Roberta
30%
O Ornella
29%
P Paloma
29%
P Pierette
29%
S Sandy
29%
S Shanna / Shana
29%
S Suzon
29%
T Tess
29%
T Thalia
29%
Y Yaëlle
29%
N Noéline
28%
O Oriane
28%
S Sidonie
28%
O Ombeline
27%
N Nélia/ Nelya
26%
S Ségolène
26%
O Océana/ Océanna
25%
P Peneloppe
25%
P Prescillia
24%
S Sybille
24%
S Sylvette
24%
T Tara
24%
V Vanille
24%
R Rébecca
23%
P Pia
21%
V Valeriane
21%
O Octavia
20%
N Nancy
19%
O Octavie
17%
R Ruby
17%
P Philomène
16%
R Réjane
16%
S Selma
16%
S Soraya
16%
V Vanina
16%
V Vicky/ Vickie
16%
S Sixtine
15%
S Soïzic
15%
R Rose Marie
14%
S Sasha
14%
T Tiana
14%
O Olympe
12%
O Orlane
11%
T Tessa
11%
T Tamara
9%
P Peggy
6%
S Sirine
6%
S Séphora
5%
P Prudence
4%
Y Yamina
4%
S Scarlett
2%
Y Yelena
1%
Aucun quiz correspondant
Distribution des résultats
% des personnes avec chaque résultat
Percentile par nombre de réponses
Votre historique - résultats
Vous n’avez pas pris ce quiz depuis la dernière actualisation